Mesa socio política

में बचाया:
ग्रंथसूची विवरण
निगमित लेखक: Instituto de Cooperación Iberoamericana
स्वरूप: मूलपाठ
प्रकाशित: Madrid: Huertas
टैग: टैग जोड़ें
कोई टैग नहीं, इस रिकॉर्ड को टैग करने वाले पहले व्यक्ति बनें!

MARC

LEADER 00000 a a2200000 04500
001 25449
003
040
090 |a 152511  
110 |a Instituto de Cooperación Iberoamericana  
245 |a Mesa socio política  
260 |a Madrid:   |b Huertas  
300 |a 516 p.   |b il.  
999 |c 16836  |d 16836